Loading...
| Literature - American | 1 | 2 | 1 | 0 | 30 | 54 | 70.67 | 0 | 2 | 10.32 | 15.83 |
| Social Science | 0 | 3 | 1 | 1 | 25 | 96 | 113.00 | 1 | 2 | 1.66 | 7.84 |
| Beliefs | 0 | 2 | 0 | 0 | 20 | 124 | 127.50 | 0 | 0 | 0.41 | 3.14 |
| Literature - British | 0 | 1 | 0 | 0 | 10 | 114 | 114.00 | 0 | 1 | 1.24 | 5.00 |
| Literature - World | 0 | 1 | 0 | 0 | 10 | 139 | 139.00 | 0 | 0 | 1.16 | 2.98 |
| Visual Arts | 0 | 1 | 0 | 0 | 10 | 112 | 112.00 | 0 | 0 | 1.17 | 3.25 |
| Fine Arts - Other Arts | 0 | 1 | 0 | 0 | 10 | 133 | 133.00 | 0 | 0 | 0.55 | 2.38 |
| History - American | 0 | 1 | 0 | 0 | 10 | 82 | 82.00 | 0 | 0 | 2.80 | 3.57 |
| Modern World | 0 | 0 | 0 | 0 | 0 | 0.00 | 0 | 0 | 0.00 | 0.00 | |
| Science - Biology | 0 | 0 | 1 | 0 | -5 | 0.00 | 0 | 0 | 0.00 | 0.00 |